000 00736cam a22002531 4500
001 22760
003 BD-RjUL
005 20211209000840.0
008 140309s1946 le a b 000 0 eng d
035 _a(BD-RjUL)22825
040 _aDLC/ICU
_cICU
_dDLC
_dBD-RjUL
_beng
041 _aeng
082 0 0 _a610.953
_bKHO 1946
100 1 _aKhairallah, Amin A.,
_d1889-
_970206
245 1 0 _aOutline of Arabic contributions to medicine /
_cby Amin A. Khairallah.
260 _aBeirut :
_c1946.
_bAmerican Press,
300 _a228 p. :
_billus. ;
_c24 cm.
504 _aIncludes bibliography.
650 0 _aMedicine, Arab.
_937825
650 0 _aScience, Medieval.
_924538
942 _2ddc
_cBK
999 _c22760
_d22760